Cuyabá : (Record no. 1220)

MARC details
000 -LÍDER
Campo Fixo de Controle 00900nam a2200265 a 4500
001 - NÚMERO DE CONTROLE
Campo de Controle 1220
003 - IDENTIFICAÇÃO DO NÚMERO DE CONTROLE
Campo de Controle BR-CuiBMT
005 - DATA E HORA DA ÚLTIMA ATUALIZAÇÃO
Campo de Controle 20231204233405.0
008 - DADOS FIXOS
Dados Fixos 231201s2020 mtba 000 0 por d
020 ## - INTERNATIONAL STANDARD BOOK NUMBER
Nº do ISBN 9788579921360 (v. 1)
020 ## - INTERNATIONAL STANDARD BOOK NUMBER
Nº do ISBN 9788579921377 (v. 2)
040 ## - AGÊNCIA CATALOGADORA
Código da Agência Catalogadora BR-CuiBMT
Agência que transcreveu o registro BR-CuiBMT
080 ## - Nº DA CLASSIFICAÇÃO DECIMAL UNIVERSAL
Nº Class. CDU 94
Subd. Auxiliar Comum (817.2)
Nº edição CDU 2007
090 ## - NÚMERO DE CHAMADA
Nº classificação 94(817.2)
Cutter T313c
100 1# - ENTRADA PRINCIPAL -- AUTOR PESSOAL
Nome pessoal Tenuta, José Augusto
245 10 - TÍTULO PRINCIPAL
Título principal Cuyabá :
Subtítulo um show de bola /
Indicação de responsabilidade José Augusto Tenuta.
246 12 - FORMAS VARIANTES DO TÍTULO
Título principal Cuiabá :
Subtítulo um show de bola
260 ## - PUBLICAÇÃO, DISTRIBUIÇÃO, ETC.
Local de publicação Cuiabá :
Editora Entrelinhas,
Data 2020.
300 ## - DESCRIÇÃO FÍSICA
N. páginas ou volumes 2 v. :
Ilustrações il. ;
Dimensões 23 cm
505 0# - NOTA DE CONTEÚDO
Nota de conteúdo v. 1. História do futebol cuiabano -- v. 2. História do futebol cuiabano.
590 ## - NOTA LOCAL
Nota local A Biblioteca optou por catalogar o material como volume para reunir a coleção.
650 ## - ASSUNTO TÓPICO
Cabeçalho tópico ou nome geográfico Cuiabá (MT)
Subdivisão geral Futebol
-- História
650 ## - ASSUNTO TÓPICO
Cabeçalho tópico ou nome geográfico Futebol
Subdivisão geral História
Subdivisão geográfica Mato Grosso
942 ## - ELEMENTOS DE ENTRADA ADICIONAIS (KOHA)
Fonte de classificação ou esquema de arquivamento Classificação Decimal Universal
Tipo de item do Koha Livros
Holdings
Estado: removido Estado: perdido Fonte de classificação ou esquema de arquivamento Estado: danificado Indisponível para empréstimo Localização permanente Localização atual Data de aquisição Numeração serial ou cronológica (Volume) Total Checkouts Número de Chamada completo Código de barras Date last seen Número do exemplar Preço efetivo a partir de Tipo de item (Koha)
    Classificação Decimal Universal     Biblioteca da Escola Superior de Contas do TCE/MT Biblioteca da Escola Superior de Contas do TCE/MT 01/12/2023 v. 1   94(817.2) T313c BIBTCEMT23120022 01/12/2023 Ex. 1 01/12/2023 Livros
    Classificação Decimal Universal     Biblioteca da Escola Superior de Contas do TCE/MT Biblioteca da Escola Superior de Contas do TCE/MT 01/12/2023 v. 2   94(817.2) T313c BIBTCEMT23120121 04/12/2023 Ex. 1 01/12/2023 Livros

Powered by Koha